Гидрохимическая зональность грунтовых вод Молдавии и формирование их химического состава: автореферат диссертации на соискание ученой степени кандидата геолого-минералогических наук; спец. 04.00.06

Bibliographic Details
Main Author: Тукалло А. М. Александр Мечиславович
Corporate Author: Ленинградский государственный университет (ЛГУ)
Other Authors: Самарина В. С. (научный руководитель)
Summary:Защита сост. 5.06.1979 г.
Language:Russian
Published: Ленинград, 1979
Subjects:
Format: Book
KOHA link:https://koha.lib.tpu.ru/cgi-bin/koha/opac-detail.pl?biblionumber=281887

MARC

LEADER 00000nam0a2200000 4500
001 281887
005 20231101235439.0
035 |a (RuTPU)RU\TPU\book\305738 
090 |a 281887 
100 |a 20150127d1979 k y0rusy50 ca 
101 0 |a rus 
102 |a RU 
105 |a y dm 001zy 
200 1 |a Гидрохимическая зональность грунтовых вод Молдавии и формирование их химического состава  |e автореферат диссертации на соискание ученой степени кандидата геолого-минералогических наук  |e спец. 04.00.06  |f А. М. Тукалло  |g Ленинградский государственный университет (ЛГУ) ; науч. рук. В. С. Самарина 
210 |a Ленинград  |d 1979 
215 |a 24 с. 
300 |a Защита сост. 5.06.1979 г. 
320 |a Библиогр.: с. 24 (4 назв.) 
606 1 |a Воды грунтовые  |2 stltpush  |3 (RuTPU)RU\TPU\subj\3133  |9 31589 
610 1 |a формирование 
610 1 |a водоносный горизонт 
610 1 |a гидрогеологические исследования 
610 1 |a химический состав 
610 1 |a ионно-солевой комплекс 
610 1 |a гидрохимическая зональность 
610 1 |a практическое использование 
610 1 |a авторефераты диссертаций 
675 |a 556.324(04)  |v 4 
686 |a 04.00.06  |2 oksvnk 
700 1 |a Тукалло  |b А. М.  |g Александр Мечиславович 
702 1 |a Самарина  |b В. С.  |4 727 
712 0 2 |a Ленинградский государственный университет (ЛГУ)  |c (1924-1991)  |2 stltpush  |3 (RuTPU)RU\TPU\col\77 
801 1 |a RU  |b 63413507  |c 20150127 
801 2 |a RU  |b 63413507  |c 20170620  |g RCR 
942 |c BK